00493nam a22001577a 450000500170000000800410001702000180005804100120007608200140008810000260010224500870012825000180021526000450023330000320027870000250031020231024131303.0231024b |||||||| |||| 00| 0 eng d a9780702171710 aEnglish a347.1 ECK aPaterson TJMlEnglish aEckard's Principles of Civil Procedure in the Magistrates' Courts /cTJM Patterson aFifth Edition aCape Town :bJuta and Company Ltd,c2005 bxlix, 349 pages ;c25,5 cm. aLegal practice cLaw